Touts les Maréchaux de France depuis 1804 - Statistiques

Statistiques générales
  • Ce quiz a été pris 57 fois
  • Le résultat moyen est 21 sur 77
Statistiques - réponses
Titres Dates de naissance
et de mort
Maréchal % Correct
Aucun (déchu de sa distinction de maréchal ) (1856-1951) Philippe Pétain
82%
Prince de l'Empire, grand-duc de Berg et de Clèves ,Roi de Naples (1767-1815) Joachim Murat
76%
Aucun (1851-1929) Ferdinand Foch
68%
Duc d'Elchingen, Prince de la Moskowa (1769-1815) Michel Ney
68%
Aucun (1852-1931) Joseph Joffre
66%
Prince de Pontecorvo, Roi de Suède et de Norvège (1763-1844) Jean-Baptiste Bernadotte
63%
Duc d’Auerstaedt, Prince d'Eckmühl (1770-1823) Louis Nicolas Davout
63%
Aucun (1902-1947) Philippe Leclerc de Hauteclocque
63%
Aucun (1888-1967) Alphonse Juin
61%
Duc de Montebello (1769-1809) Jean Lannes
61%
Aucun (1889-1952) Jean de Lattre de Tassigny
58%
Duc de Rivoli, Prince d'Essling (1758-1817) André Masséna
55%
Aucun (1854-1934) Hubert Lyautey
50%
Duc de Dalmatie (1769-1851) Jean-de-Dieu Soult
50%
Duc de Magenta, Comte (1808-1893) Patrice de Mac Mahon
50%
Aucun (1849-1916) Joseph Gallieni
47%
Aucun (1898-1970) Pierre Kœnig
47%
Marquis (1766-1847) Emmanuel de Grouchy
42%
Prince de Neuchâtel et de Wagram, Duc de Valangin (1753-1815) Louis-Alexandre Berthier
42%
Duc de Trévise (1768-1835) Édouard Mortier
39%
Marquis (1764-1830) Laurent de Gouvion-Saint-Cyr
39%
Duc de Raguse (1774-1852) Auguste Frédéric Viesse de Marmont
37%
Duc d’Istrie (1768-1813) Jean-Baptiste Bessières
37%
Duc d'Albufera (1770-1826) Louis-Gabriel Suchet
37%
Duc de Reggio (1767-1847) Nicolas Charles Oudinot
37%
Duc de Tarente (1765-1840) Étienne Macdonald
34%
Aucun (1811-1888) François Achille Bazaine
34%
Duc de Dantzig (1755-1820) François Joseph Lefebvre
34%
Prince (1763-1813) Joseph-Antoine Poniatowski
34%
Duc de Castiglione (1757-1816) Pierre Augereau
34%
Duc de Valmy (1735-1820) François Christophe Kellermann
32%
Comte (1763-1815) Guillaume Brune
32%
Aucun (1856-1942) Louis Franchet d'Espèrey
32%
Aucun (1852-1928) Émile Fayolle
29%
Comte (1762-1833) Jean-Baptiste Jourdan
29%
Comte (1742-1819) Jean Mathieu Philibert Sérurier
29%
Roi de Westphalie (1784-1860) Jérôme Bonaparte
29%
Marquis (1754-1818) Catherine-Dominique de Pérignon
26%
Aucun (1809-1895) François Certain de Canrobert
24%
Duc de Conégliano (1754-1842) Bon-Adrien Jeannot de Moncey
21%
Aucun (1802-1862) Adolphe Niel
18%
Duc de Bellune (1764-1841) Claude-Victor Perrin
18%
Aucun (1847-1923) Michel Joseph Maunoury
18%
Marquis de La Piconnerie,Duc d'Isly (1784-1849) Thomas Robert Bugeaud
18%
Comte (1770-1838) Georges Mouton
16%
Marquis (1771-1840) Nicolas-Joseph Maison
16%
Comte (1773-1852) Étienne Maurice Gérard
13%
Comte (1770-1849) Gabriel Molitor
13%
Aucun (1763-1813) Jean Victor Marie Moreau
13%
Comte (1773-1846) Louis Auguste Victor de Ghaisne de Bourmont
13%
Comte (1775-1852) Rémy Joseph Isidore Exelmans
13%
Comte (1795-1878) Achille Baraguey d'Hilliers
11%
Aucun (1809-1888) Edmond Le Boeuf
11%
Aucun (1804-1872) Élie-Frédéric Forey
11%
Aucun (1771-1804) Georges Cadoudal
11%
Duc de Feltre (1765-1818) Henri-Jacques-Guillaume Clarke
11%
Comte (1775-1860) Honoré Charles Reille
11%
Marquis (1752-1821) Pierre Riel de Beurnonville
11%
Duc de Malakoff (1794-1864) Aimable Pélissier
8%
Comte (1772-1842) Bertrand Clauzel
8%
Duc de Coigny (1737-1821) François Henri de Franquetot de Coigny
8%
Marquis (1768-1828) Jacques Alexandre Law de Lauriston
8%
Comte (1773-1846) Sylvain Charles Valée
8%
Comte (1772-1851) Horace Sébastiani
5%
Comte (1795-1871) Jacques Louis Randon
5%
Comte (1765-1844) Jean-Baptiste Drouet d'Erlon
5%
Comte (1790-1872) Jean-Baptiste Philibert Vaillant
5%
Prince (1765-1829) Louis Aloÿs de Hohenlohe-Waldenbourg-Bartenstein
5%
Comte (1784-1863) Philippe Antoine d'Ornano
5%
Aucun (1810-1861) Pierre Bosquet
5%
Comte (1794-1870) Auguste Regnaud de Saint-Jean d'Angély
3%
Aucun (1791-1865) Bernard Pierre Magnan
3%
Marquis (1788-1862) Boniface de Castellane
3%
Marquis (1734-1827) Charles du Houx de Vioménil
3%
Vicomte (1775-1851) Guillaume Dode de la Brunerie
3%
Comte (1768-1855) Jean Isidore Harispe
3%
Aucun (1798-1854) Armand Leroy de Saint-Arnaud
0%
Aucun quiz correspondant
Distribution des résultats
% des personnes avec chaque résultat
Percentile par nombre de réponses
Votre historique - résultats
Vous n’avez pas pris ce quiz